Statistics for Which town in Portugal?

Click here to take the quiz!

General Stats

  • This quiz has been taken 7 times
  • The average score is 11 of 26

Answer Stats

HintAnswer% Correct
Located on the Portuguese RivieraCascais
67%
Gives its name to a revolucionary song wrote by Zeca Afonso in 1974Grândola
67%
An UNESCO Heritage SiteSintra
67%
Known as "Vila Presépio"Alenquer
50%
Known by its horse fairGolegã
50%
An UNESCO Heritage Site and one of the biggest palaces in the worldMafra
50%
Formed by 3 old settlements: Pederneira, Sítio and PraiaNazaré
50%
Known as the Capital of Chocolate or Christmas TownÓbidos
50%
The oldest town with the status of "Vila" in PortugalPonte de Lima
50%
Known as an historical fortified townAlmeida
33%
Known by its battle important to the formation and independence of PortugalArcos de Valdevez
33%
Known by the Passadiços do PaivaArouca
33%
Known by its traditional rugsArraiolos
33%
The local Monastery its a UNESCO Heritage SiteBatalha
33%
Pedro Álvares Cabral was born hereBelmonte
33%
Saint Beatrice was born hereCampo Maior
33%
Once designated as "Sintra do Alentejo" by King Peter VCastelo de Vide
33%
Located along the Arouce RiverLousã
33%
Located on a u-shapped valleyManteigas
33%
Located on São Mamede Mountains; Known in roman times as AmmaiaMarvão
33%
Known by its spa town and water; located in the AlgarveMonchique
33%
Where the oldest castle of the country is locatedMontemor-o-Velho
33%
The biggest municipality by areaOdemira
33%
The portuguese Silicon ValleyOeiras
33%
Sartago on roman timesSertã
33%
Near of the most central point of mainland PortugalVila de Rei
33%

Score Distribution

Percentile by Number Answered

Percent of People with Each Score

Your Score History

You have not taken this quiz